Campeones de La Liga! - Muerte súbita - Estadísticas

Estadísticas generales
  • Esta prueba ha sido intentada 459 veces
  • La puntuación promedio es 7 de 9
Answers on the Grid
Answers color-coded by a green-red scale on the quiz's grid according to % correct below.
Real Madrid
Fc Barcelona
Real Zaragoza
Atético de Madrid
Girona FC
Athletic Club
Valencia CF
Villarreal CF
Real Sociedad
RC Deportivo de la Coruña
Málaga CF
Sevilla FC
Real Betis
Osasuna FC
 
Estadísticas de respuestas
Respuesta % Correcto
Real Madrid
100%
Fc Barcelona
99%
Atético de Madrid
89%
Athletic Club
81%
Valencia CF
81%
RC Deportivo de la Coruña
73%
Sevilla FC
69%
Real Betis
63%
Real Sociedad
61%
No se encontraron pruebas coincidentes
Distribución de puntuación
Porcentaje de gente con cada puntuación
Porcentaje por número respondido
Historial de tus puntuaciones
No has intentado esta prueba.